000 00866nam a2200241Ia 4500
003 OSt
005 20220923210956.0
006 a|||||r|||| 00| 0
007 ta
008 220922b |||||||| |||| 00| 0 pan d
020 _a8130200163 (hbk)
_c150
024 _a243,996
037 _b194, 08/10/2010, H.K. Prakashan
_cTextual
040 _aARTS
_cARTS
_bpan
041 _2pan
_apan
082 _aY73(P153):(U42).71, 153P9
100 _aਹਰਚਰਨ ਸਿੰਘ
_9156324
245 0 _aਪੰਜਾਬੀਆਂ ਦਾ ਉੱਤਰੀ ਅਮਰੀਕਾ ਵਿੱਚ ਪਰਵਾਸ
260 _aਪਟਿਆਲਾ
_b ਪਬਲੀਕੇFਨ ਬਿਊਹੋ
_c2009
300 _a72ਪੰ
_ccm.
942 _hY73(P153):(U42).71, 153P9
_cTEXL
_2CC
999 _c293391
_d293391